000 01566 a2200205 4500
020 _a0415144590
020 _a9780415144599
082 0 4 _a618.928914
090 _c1753
_d1753
100 1 _aElliott, Julian.
245 1 0 _aChildren in difficulty :
_ba guide to understanding and helping /
_cJulian Elliott.
260 _a[S.l.] :
_bRoutledge,
_c1998.
300 _a240 p. ;
_c24 cm.
500 _aPaperback.
520 _aWritten by two practicing clinicians, Children in Difficulty is designed as a guide for those who work with children. In clear, simple language it focuses upon some of the most common, most incapacitating difficulties encountered by young children and adolescents. After introducing and discussing different forms of therapy and treatment used in clinical work with children, the book provides a series of chapters, each dealing with a specific difficulty. Drawing upon recent research findings, and employing detailed case illustrations, it seeks to help the reader to understand the nature of each problem and offers a guide as to how the child in difficulty can best be helped. The book is designed to be of particular value to those working in education, social work, health and child-care settings, and anyone who needs to be able to recognize and help children in difficulty.
700 1 _aPlace, Maurice.
856 4 0 _3Amazon.com
_uhttp://www.amazon.com/exec/obidos/ASIN/0415144590/chopaconline-20
856 4 0 _3Amazon customer reviews
_uhttp://www.chopac.org/cgi-bin/tools/azrev.pl?q=0415144590
942 _aNBS
_cBK
_k618.928914 ELL
999 _c344267
_d344267